Desnudos al sur / (Registro nro. 15701)

Detalles MARC
000 -LEADER
fixed length control field 00956nam a2200289 i 4500
003 - CONTROL NUMBER IDENTIFIER
control field DO-SdBPM
005 - DATE AND TIME OF LATEST TRANSACTION
control field 20260217083334.0
007 - PHYSICAL DESCRIPTION FIXED FIELD--GENERAL INFORMATION
fixed length control field ta
008 - FIXED-LENGTH DATA ELEMENTS--GENERAL INFORMATION
fixed length control field 240712b2001 pr 001 0 spa d
020 ## - INTERNATIONAL STANDARD BOOK NUMBER
International Standard Book Number 0847701190
040 ## - CATALOGING SOURCE
Original cataloging agency DO-SdBPM
Language of cataloging spa
Transcribing agency BPMSU
Description conventions rda
082 #4 - DEWEY DECIMAL CLASSIFICATION NUMBER
Classification number PR861.5
Item number F475d 2001
Edition number 22
100 1# - MAIN ENTRY--PERSONAL NAME
Personal name Figueroa Cardona, Iris
Dates associated with a name 1974-
Relator term autora
Relator code aut.
245 10 - TITLE STATEMENT
Title Desnudos al sur /
Statement of responsibility, etc. Iris Figueroa Cardona.
264 ## - PRODUCTION, PUBLICATION, DISTRIBUTION, MANUFACTURE, AND COPYRIGHT NOTICE
Place of production, publication, distribution, manufacture San Juan, P.R. :
Name of producer, publisher, distributor, manufacturer Universidad de Puerto Rico,
Date of production, publication, distribution, manufacture, or copyright notice 2001.
300 ## - PHYSICAL DESCRIPTION
Extent 60 páginas :
Dimensions 22 cm.
336 ## - CONTENT TYPE
Source rdacontent
Content type term texto
Content type code txt
337 ## - MEDIA TYPE
Source rdamedia
Media type term sin mediación
Media type code nc
338 ## - CARRIER TYPE
Source rdacarrier
Carrier type term volumen
Carrier type code nc
490 0# - SERIES STATEMENT
Series statement Luna nueva;
-- Cuadernos La torre,
Volume/sequential designation 3
500 ## - GENERAL NOTE
General note Incluye datos biografícos de la autora en la contraportada
590 ## - LOCAL NOTE (RLIN)
Local note Inventariado, 2026/ VM
650 #7 - SUBJECT ADDED ENTRY--TOPICAL TERM
Topical term or geographic name as entry element Poesía puertorriqueña
650 #7 - SUBJECT ADDED ENTRY--TOPICAL TERM
Topical term or geographic name as entry element Literatura puertorriqueña
910 ## - USER-OPTION DATA (OCLC)
User-option data VMateo V. Control de calidad BPMSU
942 ## - ADDED ENTRY ELEMENTS (KOHA)
Source of classification or shelving scheme Dewey Decimal Classification
Koha item type Libros
Existencias
Withdrawn status Lost status Source of classification or shelving scheme Damaged status Not for loan Collection code Home library Current library Date acquired Total Checkouts Full call number Barcode Date last seen Price effective from Koha item type
    Dewey Decimal Classification     Colección Juvenil General Biblioteca Pública Metropolitana Salomé Ureña Biblioteca Pública Metropolitana Salomé Ureña 02/17/2026   BPMSU CJG PR861.5 F475d 2001 BPMSU26020101 02/17/2026 02/17/2026 Libros